[Event "GER-chT U16"]
[Site "Magdeburg"]
[Date "2023.12.29"]
[Round "6.9"]
[White "Borgstaedt, Leif Jona"]
[Black "Buerger, Theodor"]
[Result "0-1"]
[WhiteElo "1442"]
[BlackElo "1514"]
[PlyCount "68"]
[EventDate "2023.12.26"]
[EventType "team-swiss"]
[EventRounds "7"]
[EventCountry "GER"]
[SourceTitle "CB03_2024"]
[SourceDate "2024.01.17"]
[SourceVersion "1"]
[SourceVersionDate "2024.01.17"]
[SourceQuality "1"]
[WhiteTeam "Bielefeld"]
[BlackTeam "Regensburg Bavaria"]
[WhiteTeamCountry "GER"]
[BlackTeamCountry "GER"]

1. d4 d5 2. Bf4 Nf6 3. e3 e6 4. Nd2 Bd6 5. Bg3 0-0 6. Ngf3 b6 7. Bd3 Bb7 8. Qe2 c5 9. c3 Nc6 10. e4 dxe4 11. Nxe4 Nxe4 12. Bxe4 Na5 13. Rd1 Qe7 14. Bh4 Qe8 15. dxc5 Bxe4 16. Qxe4 f5 17. Qe2 Bc7 18. b4 Nb7 19. cxb6 axb6 20. 0-0 e5 21. Rfe1 e4 22. Nd4 h6 23. f3 Qh5 24. Qc4+ Rf7 25. Bg3 f4 26. Bxf4 Bxf4 27. g3 exf3 28. Nxf3 Qxf3 29. Rd3 Qg4 30. Re4 Nd6 31. Rxf4 Nxc4 32. Rxg4 Ne5 33. Rgd4 Nxd3 34. Rxd3 Rxa2 0-1

[Event "GER Pfingstopen U16"]
[Site "Playchess.com INT"]
[Date "2020.06.05"]
[Round "3"]
[White "Borgstaedt, Leif Jona"]
[Black "Fellberg, Justus"]
[Result "0-1"]
[WhiteElo "1337"]
[BlackElo "1596"]
[PlyCount "76"]
[EventDate "2020.06.05"]
[EventType "swiss (blitz)"]
[EventRounds "11"]
[EventCountry "GER"]
[SourceTitle "CBM 197 Extra"]
[Source "ChessBase"]
[SourceDate "2020.09.30"]
[SourceVersion "1"]
[SourceVersionDate "2020.09.30"]
[SourceQuality "1"]

1. d4 d5 2. c4 e6 3. Nc3 Nf6 4. Bg5 dxc4 5. e4 Be7 6. Bxc4 c6 7. Nf3 h6 8. Bh4 0-0 9. 0-0 g5 10. Bg3 Nh5 11. Qd3 Nxg3 12. hxg3 b5 13. Bb3 a5 14. Bc2 a4 15. e5 f5 16. g4 Rf7 17. Nh2 Kf8 18. Qh3 Rh7 19. Qh5 Qe8 20. Qh3 Bb4 21. gxf5 exf5 22. Bxf5 Bxf5 23. Qxf5+ Rf7 24. Qg6 Rg7 25. Qxh6 Qg6 26. Qh8+ Rg8 27. Qf6+ Qxf6 28. exf6 Kf7 29. Ng4 Nd7 30. Ne4 Rae8 31. f4 Rxe4 32. Ne5+ Nxe5 33. dxe5 Bc5+ 34. Kh2 gxf4 35. Kh3 f3 36. Rxf3 Reg4 37. b4 R4g6 38. bxc5 Rh6# 0-1

[Event "GER Pfingstopen U16"]
[Site "Playchess.com INT"]
[Date "2020.06.05"]
[Round "8"]
[White "Borgstaedt, Leif Jona"]
[Black "Hoffmann, Alexander3333"]
[Result "0-1"]
[WhiteElo "1360"]
[BlackElo "1620"]
[PlyCount "96"]
[EventDate "2020.06.05"]
[EventType "swiss (blitz)"]
[EventRounds "11"]
[EventCountry "GER"]
[SourceTitle "CBM 197 Extra"]
[Source "ChessBase"]
[SourceDate "2020.09.30"]
[SourceVersion "1"]
[SourceVersionDate "2020.09.30"]
[SourceQuality "1"]

1. d4 d5 2. c3 Nf6 3. Nf3 e6 4. c4 Bb4+ 5. Nc3 0-0 6. Bg5 b6 7. Qc2 Bb7 8. e3 Nbd7 9. a3 Be7 10. Be2 dxc4 11. Bxc4 c5 12. Be2 Rc8 13. Rd1 cxd4 14. exd4 Ne4 15. Bxe7 Qxe7 16. 0-0 Ndf6 17. Ne5 Rc7 18. Bf3 Nxc3 19. bxc3 Bxf3 20. Nxf3 Rfc8 21. Rd3 Qxa3 22. Re3 Rxc3 23. Rxc3 Qxc3 24. Qd1 a5 25. Ne5 a4 26. Qxa4 Nd5 27. Qd7 h6 28. Qxf7+ Kh8 29. Ng6+ Kh7 30. Nf8+ Kh8 31. Ng6+ Kh7 32. Ne5 b5 33. Qg6+ Kg8 34. Qf7+ Kh8 35. Ng6+ Kh7 36. Nf8+ Kh8 37. Ng6+ Kh7 38. Ne5 b4 39. Qxe6 Nf4 40. Qf5+ Kh8 41. Qxf4 b3 42. Nf7+ Kg8 43. Nd6 Rb8 44. Ne4 Qc8 45. Qc1 b2 46. Qb1 Qc4 47. Rd1 Qb3 48. Nc5 Qa3 0-1

[Event "GER-ch U25-C"]
[Site "Willingen"]
[Date "2018.05.23"]
[Round "6"]
[White "Borgstaedt, Leif Jona"]
[Black "Irrgang, Natascha"]
[Result "0-1"]
[WhiteElo "1175"]
[BlackElo "1337"]
[PlyCount "92"]
[EventDate "2018.05.19"]
[EventType "swiss"]
[EventRounds "9"]
[EventCountry "GER"]
[SourceTitle "CBM 184 Extra"]
[Source "ChessBase"]
[SourceDate "2018.06.28"]
[SourceVersion "1"]
[SourceVersionDate "2018.06.28"]
[SourceQuality "1"]

1. d4 Nf6 2. c4 g6 3. Nc3 Bg7 4. Nf3 0-0 5. Bg5 d6 6. e3 Nbd7 7. Be2 e5 8. 0-0 Re8 9. d5 c6 10. e4 Qb6 11. Rb1 Qc7 12. Qd2 a6 13. Rfd1 c5 14. b4 b6 15. bxc5 bxc5 16. h3 Bb7 17. Rb2 Rab8 18. Rdb1 Ba8 19. Rxb8 Rxb8 20. Rxb8+ Qxb8 21. Bd3 Bb7 22. Qb2 Qc7 23. Qd2 Nb6 24. Bxf6 Bxf6 25. a4 Bg7 26. Ng5 Qe7 27. a5 Nd7 28. Nf3 Qd8 29. Ne2 Bc8 30. Ng5 Bh6 31. Ne6 Qh4 32. g3 Bxd2 33. gxh4 fxe6 34. dxe6 Nf6 35. Ng3 Bxe6 36. Ne2 Bxa5 37. Nc1 Bb4 38. Nb3 a5 39. Nc1 Bxh3 40. Kh2 Bg4 41. Kg3 Bd1 42. f3 a4 43. Bb1 Bd2 44. Nd3 a3 45. Ba2 Nd7 46. Nf2 Be2 0-1